<?xml version="1.0" encoding="UTF-8"?>
<record
    xmlns:xsi="http://www.w3.org/2001/XMLSchema-instance"
    xsi:schemaLocation="http://www.loc.gov/MARC21/slim http://www.loc.gov/standards/marcxml/schema/MARC21slim.xsd"
    xmlns="http://www.loc.gov/MARC21/slim">

  <leader>03194nam a22003377i 4500</leader>
  <controlfield tag="003">Do-SdINT</controlfield>
  <controlfield tag="005">20250604142715.0</controlfield>
  <controlfield tag="008">040225s2024    sp      s    |||| 0|spa d</controlfield>
  <datafield tag="020" ind1=" " ind2=" ">
    <subfield code="a">978-84-9881-646-4</subfield>
  </datafield>
  <datafield tag="040" ind1=" " ind2=" ">
    <subfield code="a">DO-SdINT</subfield>
    <subfield code="e">rda</subfield>
    <subfield code="b">spa</subfield>
    <subfield code="c">DO-SdINT</subfield>
  </datafield>
  <datafield tag="072" ind1=" " ind2=" ">
    <subfield code="a">CSH</subfield>
  </datafield>
  <datafield tag="082" ind1=" " ind2=" ">
    <subfield code="a">371.3340063/In61m</subfield>
    <subfield code="2">21</subfield>
  </datafield>
  <datafield tag="245" ind1="1" ind2="0">
    <subfield code="a">Inteligencia artificial en la microeducaci&#xF3;n :</subfield>
    <subfield code="b">transformando el aula del futuro /</subfield>
    <subfield code="c">Juan Miguel Mu&#xF1;oz, Neus Lorenzo, Xavier Su&#xF1;&#xE9;, (coords.)</subfield>
  </datafield>
  <datafield tag="264" ind1=" " ind2=" ">
    <subfield code="a">Barcelona, Espa&#xF1;a : </subfield>
    <subfield code="b">Octaedro,</subfield>
    <subfield code="c">2024</subfield>
  </datafield>
  <datafield tag="300" ind1=" " ind2=" ">
    <subfield code="a">1 recurso en l&#xED;nea (280 p&#xE1;ginas)</subfield>
  </datafield>
  <datafield tag="336" ind1=" " ind2=" ">
    <subfield code="a">texto</subfield>
    <subfield code="b">txt</subfield>
    <subfield code="2">rdacontent</subfield>
  </datafield>
  <datafield tag="337" ind1=" " ind2=" ">
    <subfield code="a">computadora</subfield>
    <subfield code="b">c</subfield>
    <subfield code="2">rdamedia</subfield>
  </datafield>
  <datafield tag="338" ind1=" " ind2=" ">
    <subfield code="a">recurso en l&#xED;nea</subfield>
    <subfield code="b">c</subfield>
    <subfield code="2">rdacarrier</subfield>
  </datafield>
  <datafield tag="347" ind1=" " ind2=" ">
    <subfield code="a">archivo de texto</subfield>
    <subfield code="b">PDF</subfield>
    <subfield code="2">rda</subfield>
  </datafield>
  <datafield tag="490" ind1=" " ind2=" ">
    <subfield code="a">Horizontes-Universidad ;</subfield>
  </datafield>
  <datafield tag="505" ind1=" " ind2=" ">
    <subfield code="a">ESCENARIO. Inteligencia Artificial en la Microeducaci&#xF3;n: Transformando el Aula del Futuro 8 --Preguntas, no respuestas 18 -- Dar forma al futuro del aprendizaje: el papel fundamental de la inteligencia artificial en la microeducaci&#xF3;n 33 -- Docente versus IA: amigos o enemigos 47 &#x2013;FUNDAMENTOS. &#xBF;Qu&#xE9; es la Inteligencia Artificial? 58 -- La IA como palanca de transformaci&#xF3;n educativa para una escuela inclusiva 68 -- ChatGPT: otra forma de aprender y de ense&#xF1;ar 83 --&#xBF;C&#xF3;mo puede la IA ayudar a la personalizaci&#xF3;n del aprendizaje? 95 -- IA en, desde, para, con comunidades vulnerables 102 -- Aprendizaje Democr&#xE1;tico e Informal: la revoluci&#xF3;n que nos trae la IA 111 -- Reflexiones &#xE9;ticas sobre la evaluaci&#xF3;n y la inteligencia artificial 123 -- Confianza y v&#xED;nculo en el ecosistema educativo de la IA. Del Algoritmismo al Algoritarismo 135 -- Plan digital de IAE: preguntas, reflexiones y horizontes imprescindibles 148 &#x2013; PRAXIS. El valor de los recursos de IA en educaci&#xF3;n: el poder de los docentes 166 -- &#xBF;DiGiTalizar el tr&#xE1;fico con IA? Una experiencia educativa innovadora en Ceuta 182 -- Un enfoque pr&#xE1;ctico con LearningML: un caso de IA en educaci&#xF3;n primaria 192 -- Una experiencia pr&#xE1;ctica con la IA en el aula de 1&#xBA; de bachillerato 203 Un proyecto l&#xFA;dico: &#xBF;Programamos un Akinator? 214 -- Pensamiento cr&#xED;tico y narraci&#xF3;n asistida con inteligencia artificial: Experiencia en Catalunya 223 -- Experiencias transfronterizas con inteligencia artificial: personalizaci&#xF3;n en situaciones de aprendizaje 231 -- La inteligencia artificial en el curr&#xED;culo educativo. Experiencia Docente 244 -- Integraci&#xF3;n de la IA en la Educaci&#xF3;n Secundaria: El caso del EMT 256 -- Evidencias de &#xE9;xito en Chile: la IA en Educaci&#xF3;n desde la reflexi&#xF3;n sobre la pr&#xE1;ctica 267 -- &#xDA;ltimos informes publicados 278</subfield>
  </datafield>
  <datafield tag="506" ind1="0" ind2=" ">
    <subfield code="a">Open Access</subfield>
  </datafield>
  <datafield tag="650" ind1=" " ind2="7">
    <subfield code="a">Inteligencia artificial</subfield>
    <subfield code="2">ARMARC</subfield>
    <subfield code="9">34332</subfield>
    <subfield code="x">Aplicaciones educativas</subfield>
  </datafield>
  <datafield tag="650" ind1=" " ind2="7">
    <subfield code="a">Tecnolog&#xED;a educativa.</subfield>
  </datafield>
  <datafield tag="650" ind1=" " ind2="7">
    <subfield code="a">Microeducaci&#xF3;n. Innovaci&#xF3;n pedag&#xF3;gica. Aprendizaje personalizado.</subfield>
  </datafield>
  <datafield tag="700" ind1=" " ind2=" ">
    <subfield code="a">Mu&#xF1;oz, Juan Miguel </subfield>
    <subfield code="4">coord.</subfield>
    <subfield code="9">109458</subfield>
    <subfield code="e">coordinador</subfield>
  </datafield>
  <datafield tag="700" ind1=" " ind2=" ">
    <subfield code="a">Lorenzo, Neus </subfield>
    <subfield code="4">coord.</subfield>
    <subfield code="9">109459</subfield>
    <subfield code="e">coordinador</subfield>
  </datafield>
  <datafield tag="700" ind1=" " ind2=" ">
    <subfield code="a">Su&#xF1;&#xE9;, Xavier </subfield>
    <subfield code="4">coord.</subfield>
    <subfield code="9">109460</subfield>
    <subfield code="e">coordinador</subfield>
  </datafield>
  <datafield tag="856" ind1=" " ind2=" ">
    <subfield code="y">Acceso a Texto Completo</subfield>
    <subfield code="u">https://opacbiblioteca.intec.edu.do/opac-tmpl/files/recursoselectronicos/1732542320055.pdf</subfield>
  </datafield>
  <datafield tag="942" ind1=" " ind2=" ">
    <subfield code="c">E-BOOK</subfield>
    <subfield code="2">ddc</subfield>
    <subfield code="n">0</subfield>
  </datafield>
  <datafield tag="999" ind1=" " ind2=" ">
    <subfield code="c">13438</subfield>
    <subfield code="d">13438</subfield>
  </datafield>
  <datafield tag="952" ind1=" " ind2=" ">
    <subfield code="0">0</subfield>
    <subfield code="1">0</subfield>
    <subfield code="2">ddc</subfield>
    <subfield code="4">0</subfield>
    <subfield code="7">0</subfield>
    <subfield code="a">IDEICE</subfield>
    <subfield code="b">IDEICE</subfield>
    <subfield code="d">2025-05-20</subfield>
    <subfield code="l">0</subfield>
    <subfield code="o">371.3340063/In61m</subfield>
    <subfield code="r">2025-05-20 11:12:30</subfield>
    <subfield code="u">https://opacbiblioteca.intec.edu.do/opac-tmpl/files/recursoselectronicos/1732542320055.pdf</subfield>
    <subfield code="w">2025-05-20</subfield>
    <subfield code="y">LIB</subfield>
  </datafield>
</record>
